000 03239nam a2200421 a 4500
001 ebr10469862
003 CaPaEBR
006 m u
007 cr cn|||||||||
008 101008s2011 enkab sb 011 0 eng d
010 _z 2010040513
020 _z9781444339109 (hbk.)
020 _z9781444392319
020 _z9781444392302 (e-book)
040 _aCaPaEBR
_cCaPaEBR
035 _a(OCoLC)695422310
043 _aar-----
050 1 4 _aQE471.15.C3
_bQ38 2011eb
082 0 4 _a552/.58
_222
245 0 0 _aQuaternary carbonate and evaporite sedimentary facies and their ancient analogues
_h[electronic resource] :
_ba tribute to Douglas James Shearman /
_cedited by Christopher G. St. C. Kendall and Abdulrahman Alsharhan.
260 _aChichester, U.K. :
_bWiley-Blackwell,
_c2011.
300 _axiii, 478 p. :
_bill., maps (some col.).
490 0 _aSpecial publication / International Association of Sedimentologists ;
_vno. 43
504 _aIncludes bibliographical references and index.
505 0 _apt. 1. Recent carbonate and evaporite sediments -- pt. 2. Geochemistry of recent carbonate and evaporite sediments -- pt. 3. Ancient carbonates and evaporites.
520 _a"This volume commemorates the eclectic research of Douglas James Shearman into evaporites, which was initiated by his studies of the prograding UAE coastal sabkhas or salt flats that incorporate evaporite minerals which displace and replace earlier carbonate sediments. His subsequent proselytization of the study of ancient evaporites in sedimentary sections all over the world led to fundamental advances in our understanding of arid zone carbonate sedimentology. The papers presented here are based on presentations made in Abu Dhabi, UAE 12-14th October 2004 and 7th -8th November 2006. They provide a retrospective from the 1960's and 70's of Holocene evaporites and carbonates, recapturing Shearman's contribution by revisiting the Holocene coastal evaporite and carbonate sediments of the Arabian/Persian Gulf from Abu Dhabi, Qatar, and Oman. The first set of papers considers these sediments from the perspective of their coastal geomorphology, sedimentary character and their geochemistry. Later papers examine the significance of these settings in the ancient geological section world-wide, including examples from the Mesozoic-Cenozoic of the Moroccan Atlantic margin and the Upper Jurassic Arab Formation of the Arabian Gulf"--
_cProvided by publisher.
533 _aElectronic reproduction.
_bPalo Alto, Calif. :
_cebrary,
_d2011.
_nAvailable via World Wide Web.
_nAccess may be limited to ebrary affiliated libraries.
650 0 _aCarbonate rocks
_zPersian Gulf Coast (Persian Gulf States)
650 0 _aEvaporites
_zPersian Gulf Coast (Persian Gulf States)
650 0 _aFacies (Geology)
_zPersian Gulf Coast (Persian Gulf States)
650 0 _aGeology, Stratigraphic
_yQuaternary.
655 7 _aElectronic books.
_2local
700 1 _aShearman, Douglas James,
_d1918-2003.
700 1 _aKendall, Christopher G. St. C.
700 1 _aAlsharhan, A. S.
710 2 _aebrary, Inc.
856 4 0 _uhttp://site.ebrary.com/lib/rucke/Doc?id=10469862
_zAn electronic book accessible through the World Wide Web; click to view
999 _c114905
_d114905